Biomechanika človeka. I,II,III,IV : V.odb. I-8-4/03 /

Uložené v:
Podrobná bibliografia
Hlavný autor: Stradiot, Juraj (Autor)
Médium: Kniha
Jazyk:Slovak
Vydavateľské údaje: Bratislava : SVŠT v Bratislave, 1990
Tagy: Pridať tag
Žiadne tagy, Buďte prvý, kto otaguje tento záznam!

MARC

LEADER 00000nam a22000003a 4500
001 stu30961
005 20150617225736.0
008 ------s1990----cs------------------slo-d
040 |a STU  |b slo 
041 0 |a slo 
044 |a cs 
080 |a 57.08 
100 1 |a Stradiot, Juraj  |4 aut 
245 1 |a Biomechanika človeka. I,II,III,IV :  |b V.odb. I-8-4/03 /  |c [aut.] Stradiot,Juraj 
260 |a Bratislava :  |b SVŠT v Bratislave,  |c 1990 
300 |a 215 s 
996 |b J87530  |c J*87530  |l JJSK  |s A  |a 24  |w stu30961_0001